Historia e Kampionateve të Shqipërisë (Record no. 60965)
[ view plain ]
| 000 -LEADER | |
|---|---|
| fixed length control field | 00320nam a22001337a 4500 |
| 008 - FIXED-LENGTH DATA ELEMENTS--GENERAL INFORMATION | |
| fixed length control field | 260407b ||||| |||| 00| 0 eng d |
| 020 ## - INTERNATIONAL STANDARD BOOK NUMBER | |
| International Standard Book Number | 9994378015 |
| 041 ## - LANGUAGE CODE | |
| Language code of text/sound track or separate title | shqip |
| 080 ## - UNIVERSAL DECIMAL CLASSIFICATION NUMBER | |
| Universal Decimal Classification number | 796.33 |
| 100 ## - Rafti | |
| Rafti | 30 |
| 101 ## - Shkurtesa | |
| Shkurtesa | Sport |
| 245 ## - TITLE STATEMENT | |
| Title | Historia e Kampionateve të Shqipërisë |
| Statement of responsibility, etc | Besnik Dizdari |
| 942 ## - ADDED ENTRY ELEMENTS (KOHA) | |
| Source of classification or shelving scheme | |
| Item type | Books |
| Withdrawn status | Lost status | Source of classification or shelving scheme | Damaged status | Not for loan | Collection code | Permanent location | Current location | Date acquired | Total Checkouts | Barcode | Date last seen | Price effective from | Koha item type |
|---|---|---|---|---|---|---|---|---|---|---|---|---|---|
| Koleksioni i përgjithshem | UBT - Lipjan | UBT - Lipjan | 04/07/2026 | 003-800070999624 | 04/07/2026 | 04/07/2026 | Books | ||||||
| Koleksioni i përgjithshem | UBT - Lipjan | UBT - Lipjan | 04/07/2026 | 003-800070999625 | 04/07/2026 | 04/07/2026 | Books | ||||||
| Koleksioni i përgjithshem | UBT - Lipjan | UBT - Lipjan | 04/07/2026 | 003-800070999626 | 04/07/2026 | 04/07/2026 | Books | ||||||
| Koleksioni i përgjithshem | UBT - Lipjan | UBT - Lipjan | 04/07/2026 | 003-800070999627 | 04/07/2026 | 04/07/2026 | Books | ||||||
| Koleksioni i përgjithshem | UBT - Lipjan | UBT - Lipjan | 04/07/2026 | 003-800070999628 | 04/07/2026 | 04/07/2026 | Books | ||||||
| Koleksioni i përgjithshem | UBT - Lipjan | UBT - Lipjan | 04/07/2026 | 003-800070999629 | 04/07/2026 | 04/07/2026 | Books |